| 000 | 00808nam a22002537a 4500 | ||
|---|---|---|---|
| 005 | 20170123162349.0 | ||
| 010 | _aA-026117 | ||
| 020 | _c18.50 | ||
| 035 | _aA-026117 | ||
| 037 | _bCen Lib/Ret | ||
| 040 |
_aDPL _bUR |
||
| 082 |
_a846 _2ص د ی |
||
| 100 |
_aسلیمان اظهر _9135338 |
||
| 245 |
_a/ مکا تیب ِ رشید جاوید _b _cسلیمان اظهر |
||
| 246 |
_aMukateeb-e-Rashid / _bby Suleman Azhar Jawaid |
||
| 260 |
_aحیدر آباد _bنیشنل پتینٹنگ پریس _c1980 |
||
| 270 |
_aچار کمان _bحیدر آباد |
||
| 300 |
_a336p. _c18cm(pbk) |
||
| 650 |
_aاردو فکشن _9135339 |
||
| 650 |
_aاردو خطوط _9135340 |
||
| 650 |
_aUrdu Fiction _9549 |
||
| 650 |
_aUrdu Letters _9862 |
||
| 942 |
_2ddc _cUR _h846 _mص د ی |
||
| 999 |
_c109093 _d109093 |
||